Normal view
MARC view
Entry Nombre personal
001 - NÚMERO DE CONTROL
- campo de control: 1073
003 - IDENTIFICADOR DE NÚMERO DE CONTROL
- campo de control: DLC
005 - FECHA Y HORA DE LA ÚLTIMA TRANSACCIÓN
- campo de control: 20260416170238.0
008 - ELEMENTOS DE DATO DE LONGITUD-FIJA
- campo de control de longitud fija: 810605n| azannaabn |n aaa
010 ## - NÚMERO DE CONTROL DE LA BIBLIOTECA DEL CONGRESO
- Número de control de LC: n 81027936
035 ## - NÚMERO DE CONTROL DEL SISTEMA
- Número de control de sistema: (OCoLC)oca00573676
040 ## - FUENTE DE CATALOGACIÓN
- Centro catalogador/agencia de origen: DLC
- Lengua de catalogación: eng
- Normas de descripción: rda
- Centro/agencia transcriptor: DLC
- Centro/agencia modificador: DLC
- Centro/agencia modificador: OCoLC
- Centro/agencia modificador: DLC
- Centro/agencia modificador: IEN
046 ## - FECHAS CON CODIFICACIÓN ESPECIAL
- Fecha de nacimiento: 19270615
- Fecha de la muerte: 19950820
053 #0 - NÚMERO DE CLASIFICACIÓN LC
- Número de clasificación–único número o número inicial del rango: PQ4876.R377
100 1# - ENCABEZAMIENTO-NOMBRE DE PERSONA
- Nombre de persona: Pratt, Hugo
370 ## - LUGAR ASOCIADO
- Lugar de nacimiento: Rimini (Italy)
- País asociado: Italy
- Fuente del término: naf
370 ## - LUGAR ASOCIADO
- Lugar de fallecimiento: Grandvaux (Switzerland)
372 ## - CAMPO DE ACTIVIDAD
- Campo de actividad: Comic books, strips, etc.
- Fuente del término: lcsh
670 ## - FUENTE DE DATOS ENCONTRADOS
- Cita de la fuente: His Le pulci penetranti, 1971.
670 ## - FUENTE DE DATOS ENCONTRADOS
- Cita de la fuente: His Corto Maltese en Sibérie, c1979:
- Información encontrada: t.p. (Hugo Pratt) p. 127 (b. 6-15-29, Venice; has worked in Buenos Aires, London, and Brazil)
670 ## - FUENTE DE DATOS ENCONTRADOS
- Cita de la fuente: His Le désir d'être inutile, c1991:
- Información encontrada: t.p. (Hugo Pratt) p. 9 (b. June 15, 1927, Rimini) p. 285 (list of works)
670 ## - FUENTE DE DATOS ENCONTRADOS
- Cita de la fuente: His Corto Maltese, c1995:
- Información encontrada: t.p. (Hugo Pratt) cover flap (b. 1927 in Rimini) publisher's info (1927-1995)
670 ## - FUENTE DE DATOS ENCONTRADOS
- Cita de la fuente: Wikipedia, viewed Oct. 8, 2014:
- Información encontrada: (Hugo Eugenio Pratt was an Italian comic book creator who was known for combining strong storytelling with extensive historical research on works such as Corto Maltese. He was inducted into the Will Eisner Award Hall of Fame in 2005. Born: June 15, 1927, Rimini, Italy Died: August 20, 1995, Grandvaux, Switzerland)
670 ## - FUENTE DE DATOS ENCONTRADOS
- Cita de la fuente: Wheeling, 2012:
- Información encontrada: t.p. (Hugo Pratt)
670 ## - FUENTE DE DATOS ENCONTRADOS
- Cita de la fuente: Information from 678 field, converted Nov. 20, 2014
- Información encontrada: (nato a Rimini ... nel 1927, maestro del fumetto moderno)